| 000 | 00500nam a2200181Ia 4500 | ||
|---|---|---|---|
| 005 | 20250423095431.0 | ||
| 008 | 250422s9999 xx 000 0 und d | ||
| 020 | _a975- 8506- 01- 3 | ||
| 050 | _aPE 1128 .O98/ | ||
| 100 | _aÖztürk, Cesur | ||
| 245 | 0 | _aFundamentals of academic English : KPSS, KPDS, ÜDS, TOEFL ve yeterlik sınavları için kaynak kitap | |
| 250 | _a3rd ed. | ||
| 260 | _aAnkara | ||
| 260 | _bHacettepe Tas Kitapcilik | ||
| 260 | _c2002 | ||
| 300 | _a776 p | ||
| 942 | _cBK | ||
| 999 |
_c30261 _d30261 |
||